[Event "IX Floripa Chess Open Fort Atacadista"]
[Site "Florianópolis - Santa Catari"]
[Date "2023.01.24"]
[Round "2.122"]
[White "Monauer, Caique"]
[Black "Nascimento, Pedro Henrique Alve"]
[Result "0-1"]
[WhiteElo "1533"]
[BlackElo "1978"]
[PlyCount "62"]
[EventDate "2023.01.23"]
[EventRounds "10"]
[EventCountry "BRA"]

1. c4 e6 2. Nf3 d5 3. d4 Nf6 4. g3 Be7 5. Bg2 O-O 6. O-O b6 7. Nc3 Bb7 8. Bg5
Nbd7 9. Rc1 h6 10. Bxf6 Nxf6 11. cxd5 Nxd5 12. Ne5 Nxc3 13. Rxc3 Bxg2 14. Kxg2
Qd5+ 15. Nf3 Rfc8 16. Qc2 Qxa2 17. e4 Qa6 18. Rxc7 Bd8 19. Rc6 Rxc6 20. Qxc6
Qc8 21. Qe8+ Kh7 22. Qxf7 a5 23. d5 exd5 24. exd5 Bf6 25. b3 b5 26. Re1 a4 27.
bxa4 bxa4 28. d6 Qg8 29. Qd7 Qd5 30. Re8 Rxe8 31. Qxe8 a3 0-1

[Event "IX Floripa Chess Open Fort Atacadista"]
[Site "Florianópolis - Santa Catari"]
[Date "2023.01.24"]
[Round "2.123"]
[White "Pertuzatti, Daniel"]
[Black "Moreira, Paulo Vinicius Mace"]
[Result "0-1"]
[WhiteElo "1973"]
[BlackElo "1800"]
[PlyCount "42"]
[EventDate "2023.01.23"]
[EventRounds "10"]
[EventCountry "BRA"]

1. e4 e5 2. f4 Bc5 3. Nf3 d6 4. Bc4 Nf6 5. d3 Nc6 6. h3 Be6 7. Bxe6 fxe6 8.
fxe5 dxe5 9. Bg5 Qd7 10. Nbd2 b5 11. a4 b4 12. Nc4 O-O 13. Qd2 Nh5 14. Bh4 Nf4
15. Nfxe5 Nxe5 16. Nxe5 Qd4 17. Nc4 b3 18. Rf1 bxc2 19. Qxc2 Nxd3+ 20. Ke2
Qxe4+ 21. Kd2 Bb4+ 0-1

[Event "IX Floripa Chess Open Fort Atacadista"]
[Site "Florianópolis - Santa Catari"]
[Date "2023.01.24"]
[Round "2.124"]
[White "Deretti, Lucas Jurk"]
[Black "Japiassu, Ricardo De Villa No"]
[Result "0-1"]
[WhiteElo "1392"]
[BlackElo "1964"]
[PlyCount "85"]
[EventDate "2023.01.23"]
[EventRounds "10"]
[EventCountry "BRA"]

1. e4 c5 2. Nf3 d6 3. d4 cxd4 4. Nxd4 Nf6 5. Nc3 g6 6. Be3 Bg7 7. f3 O-O 8. Qd2
Nc6 9. Bc4 Bd7 10. O-O Rc8 11. Bb3 Na5 12. Rfd1 Nc4 13. Bxc4 Rxc4 14. Nb3 Qb8
15. Ne2 Rfc8 16. c3 b5 17. Rac1 Ra4 18. a3 Bc6 19. Nbd4 Ba8 20. Ng3 e5 21. Nc2
d5 22. b3 Ra6 23. Nb4 Rd6 24. exd5 a5 25. Nd3 Rxd5 26. c4 bxc4 27. bxc4 Rdd8
28. Qxa5 e4 29. fxe4 Nxe4 30. Nxe4 Bxe4 31. Nc5 Bc6 32. Na6 Qa8 33. Bb6 Rxd1+
34. Rxd1 Bxg2 35. Rd2 Bf3 36. Kf2 Bh1 37. Kg1 Re8 38. Qc5 Qe4 39. Rf2 Qg4+ 40.
Kxh1 Re1+ 41. Rf1 Rxf1+ 42. Qg1 Rxg1+ 43. Bxg1 0-1

[Event "IX Floripa Chess Open Fort Atacadista"]
[Site "Florianópolis - Santa Catari"]
[Date "2023.01.24"]
[Round "2.125"]
[White "Da Costa, Mariana Nara Santan"]
[Black "Dubrovich, Igor"]
[Result "0-1"]
[WhiteElo "1369"]
[BlackElo "1962"]
[PlyCount "60"]
[EventDate "2023.01.23"]
[EventRounds "10"]
[EventCountry "BRA"]

1. d4 Nf6 2. c4 e6 3. Nf3 Bb4+ 4. Nc3 b6 5. g3 Bb7 6. Bg2 O-O 7. O-O Bxc3 8.
bxc3 d6 9. Bf4 Nbd7 10. Rb1 Be4 11. Rb2 Qe7 12. Re1 e5 13. Bd2 a5 14. Bc1 Rad8
15. Rd2 Ba8 16. Rb2 Ne4 17. Qb3 Kh8 18. Qc2 f5 19. Nd2 Nxd2 20. Bxd2 Bxg2 21.
Kxg2 Qf7 22. Qb3 f4 23. Rf1 Qh5 24. Qb5 fxg3 25. hxg3 Qxe2 26. Bg5 Qf3+ 27. Kg1
c6 28. Qb3 Rde8 29. dxe5 Rxe5 30. Bf4 Rh5 0-1

[Event "IX Floripa Chess Open Fort Atacadista"]
[Site "Florianópolis - Santa Catari"]
[Date "2023.01.24"]
[Round "2.126"]
[White "Oliveira, Danyel Angelo Aquin"]
[Black "Ribeiro, Davison Soares"]
[Result "1-0"]
[WhiteElo "1954"]
[BlackElo "1800"]
[PlyCount "60"]
[EventDate "2023.01.23"]
[EventRounds "10"]
[EventCountry "BRA"]

1. e4 Nf6 2. e5 Nd5 3. d4 d6 4. c4 Nb6 5. f4 g6 6. Be3 Bg7 7. Nc3 O-O 8. Nf3
Bg4 9. h3 Bxf3 10. Qxf3 Nc6 11. Rd1 Na5 12. b3 Qc8 13. c5 Nd7 14. Bd3 e6 15. h4
f6 16. Qh3 fxe5 17. h5 exd4 18. hxg6 Nf6 19. Bxd4 e5 20. Bf5 Qe8 21. Be6+ Qxe6
22. Qxe6+ Kh8 23. Rxh7+ Nxh7 24. Qh3 Bh6 25. Qxh6 Rf7 26. fxe5 Re7 27. Kf1 Kg8
28. gxh7+ Rxh7 29. Qg6+ Kf8 30. Qxh7 Ke8 1-0

[Event "IX Floripa Chess Open Fort Atacadista"]
[Site "Florianópolis - Santa Catari"]
[Date "2023.01.24"]
[Round "2.127"]
[White "Spieker, Otavio Schmidt"]
[Black "Carvalho Jr, Celestino"]
[Result "0-1"]
[WhiteElo "1352"]
[BlackElo "1953"]
[PlyCount "72"]
[EventDate "2023.01.23"]
[EventRounds "10"]
[EventCountry "BRA"]

1. e4 d5 2. exd5 Qxd5 3. Nc3 Qd8 4. Nf3 Nf6 5. h3 Bf5 6. Bc4 e6 7. a3 Bd6 8. d4
Nbd7 9. O-O O-O 10. Re1 c6 11. Ne5 Nd5 12. Nxd5 cxd5 13. Bd3 Bxd3 14. Qxd3 Qc7
15. Nxd7 Qxd7 16. c3 b5 17. b4 Rfc8 18. Bd2 Rc4 19. Qf3 Rac8 20. Qg4 Kh8 21. h4
Qc7 22. Qh3 Bf4 23. Bxf4 Qxf4 24. Re3 Qc7 25. Rc1 Rxd4 26. h5 h6 27. Rf3 Rc4
28. g4 Qe7 29. Qg3 Qg5 30. Kh2 Rxg4 31. Qd6 Qxc1 32. Kh3 Rg5 33. Rxf7 Qh1+ 34.
Qh2 Rxh5+ 35. Kg3 Rxc3+ 36. Kf4 Qe4# 0-1

[Event "IX Floripa Chess Open Fort Atacadista"]
[Site "Florianópolis - Santa Catari"]
[Date "2023.01.24"]
[Round "2.129"]
[White "Biazon, Heloise De Oliveira"]
[Black "Ferraz, Michel Liah"]
[Result "0-1"]
[WhiteElo "1773"]
[BlackElo "1947"]
[PlyCount "50"]
[EventDate "2023.01.23"]
[EventRounds "10"]
[EventCountry "BRA"]

1. d4 d5 2. Bf4 Bf5 3. e3 e6 4. Nf3 Nf6 5. Be2 Bd6 6. Bg3 O-O 7. O-O h6 8. Nbd2
Bxg3 9. fxg3 Nbd7 10. Ne5 Nxe5 11. dxe5 Nd7 12. g4 Bg6 13. Rc1 Nxe5 14. Nf3
Nxg4 15. Nd4 Nxe3 16. Qd2 Nxf1 17. Rxf1 c5 18. Nf3 Rc8 19. Ne5 Qd6 20. Nxg6
fxg6 21. Rxf8+ Rxf8 22. Bf3 Qf4 23. Qd1 g5 24. Qf1 g4 25. Be2 Qe3+ 0-1

[Event "IX Floripa Chess Open Fort Atacadista"]
[Site "Florianópolis - Santa Catari"]
[Date "2023.01.24"]
[Round "2.134"]
[White "Paula Pinto, Mateus Arsenio"]
[Black "Menna Barreto, Felipe Kubiaki"]
[Result "0-1"]
[WhiteElo "1538"]
[BlackElo "2305"]
[PlyCount "88"]
[EventDate "2023.01.23"]
[EventRounds "10"]
[EventCountry "BRA"]

1. d4 Nf6 2. c4 g6 3. Nf3 Bg7 4. g3 O-O 5. Bg2 d6 6. O-O Nc6 7. Nc3 a6 8. e4
Bg4 9. Be3 Nd7 10. Rc1 e5 11. Ne2 exd4 12. Nexd4 Bxd4 13. Bxd4 Nde5 14. Bxe5
dxe5 15. Qb3 Bxf3 16. Qxf3 Qe7 17. Rfd1 Rad8 18. Rxd8 Rxd8 19. Rd1 Nd4 20. Qe3
Kg7 21. Rd3 Qb4 22. b3 Qa5 23. a4 Nc2 24. Qe2 Rxd3 25. Qxd3 Qe1+ 26. Bf1 Nd4
27. f4 c5 28. fxe5 Qb4 29. Qe3 Qxb3 30. Qf4 Qf3 31. Qg5 h6 32. Qf4 g5 33. Qxf3
Nxf3+ 34. Kf2 Nxe5 35. Be2 Kf6 36. Ke3 Ke6 37. Kd2 b6 38. h3 Kd6 39. Kc3 Nd7
40. Bh5 Nf6 41. Bf3 Ke5 42. Kd3 h5 43. g4 hxg4 44. hxg4 Kf4 0-1

[Event "IX Floripa Chess Open Fort Atacadista"]
[Site "Florianópolis - Santa Catari"]
[Date "2023.01.24"]
[Round "2.135"]
[White "Pereyra, Juan"]
[Black "Matsunaga, Lange Cristina"]
[Result "1-0"]
[WhiteElo "2286"]
[BlackElo "1479"]
[PlyCount "43"]
[EventDate "2023.01.23"]
[EventRounds "10"]
[EventCountry "BRA"]

1. d4 d5 2. c4 e6 3. Nc3 Nf6 4. cxd5 exd5 5. Bg5 Be6 6. e3 h6 7. Bf4 c6 8. Bd3
Be7 9. Nge2 O-O 10. O-O b6 11. Rc1 c5 12. a3 c4 13. Bb1 a6 14. f3 Nbd7 15. Qc2
b5 16. h3 Qb6 17. Kh1 g6 18. h4 Rfc8 19. e4 Nxe4 20. fxe4 Bxh4 21. exd5 Bxd5
22. Nxd5 1-0

[Event "IX Floripa Chess Open Fort Atacadista"]
[Site "Florianópolis - Santa Catari"]
[Date "2023.01.24"]
[Round "2.136"]
[White "De Oliveira, Gustavo Alfredo Bue"]
[Black "Fernandini, Felipe Piacente"]
[Result "1-0"]
[WhiteElo "2150"]
[BlackElo "1451"]
[PlyCount "45"]
[EventDate "2023.01.23"]
[EventRounds "10"]
[EventCountry "BRA"]

1. Nf3 Nf6 2. c4 c5 3. g3 g6 4. Bg2 Bg7 5. O-O O-O 6. Nc3 Nc6 7. a3 d6 8. d3 a6
9. Rb1 Rb8 10. Ne1 Nd4 11. b4 b6 12. bxc5 dxc5 13. Bf4 Bb7 14. Bxb8 Bxg2 15.
Nxg2 Qxb8 16. e3 Ne6 17. Nd5 Nxd5 18. cxd5 Nc7 19. Qb3 b5 20. Rfc1 Qa7 21. Qc2
Nxd5 22. Qxc5 Qa8 23. e4 1-0

[Event "IX Floripa Chess Open Fort Atacadista"]
[Site "Florianópolis - Santa Catari"]
[Date "2023.01.24"]
[Round "2.137"]
[White "Santana, Expedito"]
[Black "Campelo, Leandro Fabricio"]
[Result "0-1"]
[WhiteElo "1421"]
[BlackElo "2125"]
[PlyCount "44"]
[EventDate "2023.01.23"]
[EventRounds "10"]
[EventCountry "BRA"]

1. d4 Nf6 2. Nf3 g6 3. Bf4 Bg7 4. e3 O-O 5. Be2 d6 6. h3 b6 7. O-O Bb7 8. Nbd2
Nbd7 9. c3 Qe8 10. Qc2 e5 11. Bg5 h6 12. Bxf6 Bxf6 13. Ne4 Bg7 14. Ng3 f5 15.
dxe5 dxe5 16. Bc4+ Kh7 17. Rad1 e4 18. Nd4 Ne5 19. Be2 Qe7 20. Qc1 c5 21. Nc2
Nd3 22. Bxd3 exd3 0-1

[Event "IX Floripa Chess Open Fort Atacadista"]
[Site "Florianópolis - Santa Catari"]
[Date "2023.01.24"]
[Round "2.138"]
[White "Carvalho, Felipe Lobo C."]
[Black "Zottis, Ernani"]
[Result "1-0"]
[WhiteElo "2068"]
[BlackElo "1352"]
[PlyCount "61"]
[EventDate "2023.01.23"]
[EventRounds "10"]
[EventCountry "BRA"]

1. d4 d5 2. Bf4 e6 3. e3 Nf6 4. Nd2 Be7 5. Bd3 b6 6. Ngf3 Bb7 7. Ne5 h6 8. O-O
Nbd7 9. Qf3 Nf8 10. Rfe1 a6 11. c3 Bd6 12. e4 Qe7 13. Qe2 O-O-O 14. Bxa6 g5 15.
Nc6 Qd7 16. Bxb7+ Kxb7 17. Nxd8+ Qxd8 18. Bxd6 cxd6 19. e5 dxe5 20. Qxe5 N8d7
21. Qd6 g4 22. c4 Ne8 23. Qf4 Rh7 24. cxd5 exd5 25. Rac1 Ndf6 26. Rc3 Nd7 27.
b4 h5 28. b5 f6 29. Rxe8 Qxe8 30. Qc7+ Ka8 31. Ra3# 1-0

[Event "IX Floripa Chess Open Fort Atacadista"]
[Site "Florianópolis - Santa Catari"]
[Date "2023.01.24"]
[Round "2.139"]
[White "Morato, Saulo Duenas"]
[Black "Souza, Marcos Valerio A."]
[Result "0-1"]
[WhiteElo "1345"]
[BlackElo "1989"]
[PlyCount "70"]
[EventDate "2023.01.23"]
[EventRounds "10"]
[EventCountry "BRA"]

1. d4 Nf6 2. c4 c5 3. d5 e6 4. Nc3 exd5 5. Nxd5 Nxd5 6. cxd5 Be7 7. e4 d6 8.
Bd3 O-O 9. f3 Nd7 10. Ne2 Ne5 11. Bc2 Bf6 12. O-O b5 13. b3 Nxf3+ 14. Rxf3 Bxa1
15. Qd3 g6 16. Rf1 Qb6 17. Kh1 Bg7 18. Bf4 f5 19. Qg3 fxe4 20. Bxe4 Bf5 21.
Bxf5 Rxf5 22. Nc3 g5 23. Qd3 Raf8 24. Ne2 gxf4 25. Ng3 c4 26. bxc4 bxc4 27. Qe4
Re5 28. Qxc4 fxg3 29. Rxf8+ Kxf8 30. Qc8+ Re8 31. Qf5+ Kg8 32. hxg3 Re1+ 33.
Kh2 Qg1+ 34. Kh3 Qh1+ 35. Kg4 h5+ 0-1

[Event "IX Floripa Chess Open Fort Atacadista"]
[Site "Florianópolis - Santa Catari"]
[Date "2023.01.24"]
[Round "2.140"]
[White "Custodio, Leandro"]
[Black "Duarte, Giovanna Torqui"]
[Result "1-0"]
[WhiteElo "1964"]
[BlackElo "1040"]
[PlyCount "71"]
[EventDate "2023.01.23"]
[EventRounds "10"]
[EventCountry "BRA"]

1. Nf3 c5 2. b3 Nf6 3. Bb2 b6 4. e3 Nc6 5. Be2 Bb7 6. O-O e6 7. Ne5 Nxe5 8.
Bxe5 d6 9. Bb2 Be7 10. f4 O-O 11. Bf3 Qd7 12. d3 d5 13. Nd2 b5 14. Qe2 c4 15.
Bd4 Qd8 16. bxc4 bxc4 17. dxc4 Ne4 18. cxd5 exd5 19. Bxe4 dxe4 20. Rab1 Qd7 21.
f5 a5 22. Qg4 f6 23. Nxe4 Rfe8 24. Bxf6 Bf8 25. Ng3 Rxe3 26. Bd4 Qc6 27. Rxb7
Qxb7 28. Bxe3 Qb2 29. Qc4+ Kh8 30. Bd4 Qb7 31. f6 Rd8 32. Nh5 h6 33. fxg7+ Bxg7
34. Bxg7+ Kh7 35. Qg4 Rd7 36. Nf6# 1-0

[Event "IX Floripa Chess Open Fort Atacadista"]
[Site "Florianópolis - Santa Catari"]
[Date "2023.01.24"]
[Round "2.141"]
[White "Do Nascimento, Carlos Augusto Xa"]
[Black "Fischer, Ivo Lucio"]
[Result "0-1"]
[WhiteElo "1895"]
[BlackElo "1926"]
[PlyCount "32"]
[EventDate "2023.01.23"]
[EventRounds "10"]
[EventCountry "BRA"]

1. e4 c5 2. Nf3 e6 3. e5 Nc6 4. Bb5 Nge7 5. Nc3 Qc7 6. Bxc6 Nxc6 7. Qe2 a6 8.
O-O d6 9. exd6 Bxd6 10. Ne4 Be7 11. c3 O-O 12. d3 h6 13. Be3 b6 14. Qd2 f5 15.
Neg5 f4 16. Bxf4 Qxf4 0-1

[Event "IX Floripa Chess Open Fort Atacadista"]
[Site "Florianópolis - Santa Catari"]
[Date "2023.01.24"]
[Round "2.142"]
[White "Mesquita, Victor Noronha"]
[Black "Piassi, Eric Augusto"]
[Result "0-1"]
[WhiteElo "1289"]
[BlackElo "1837"]
[PlyCount "78"]
[EventDate "2023.01.23"]
[EventRounds "10"]
[EventCountry "BRA"]

1. d4 c6 2. Nf3 d5 3. Bf4 Nf6 4. e3 Bg4 5. Be2 e6 6. Nbd2 Nbd7 7. c3 Qb6 8. Qb3
c5 9. Qxb6 Nxb6 10. a4 a6 11. Ne5 Bxe2 12. Kxe2 Nfd7 13. a5 Nxe5 14. Bxe5 Nd7
15. Bg3 h5 16. f3 h4 17. Bf2 cxd4 18. exd4 Bd6 19. c4 Nf6 20. c5 Bc7 21. b4 Nd7
22. Rae1 g5 23. Nf1 Nb8 24. Kd3 Nc6 25. Rb1 h3 26. g3 f5 27. Ne3 Kd7 28. Nc2 e5
29. Be3 f4 30. gxf4 gxf4 31. Bd2 Rae8 32. Rhe1 Rhg8 33. b5 axb5 34. Rxb5 Kc8
35. Nb4 Nxd4 36. Nxd5 Nxb5 37. Nf6 Rd8+ 38. Kc4 Rg2 39. Ne4 Nd4 0-1

[Event "IX Floripa Chess Open Fort Atacadista"]
[Site "Florianópolis - Santa Catari"]
[Date "2023.01.24"]
[Round "2.143"]
[White "Oviedo Acosta, Paula"]
[Black "De Souza, Nicolas Gabriel"]
[Result "0-1"]
[WhiteElo "1836"]
[BlackElo "1326"]
[PlyCount "106"]
[EventDate "2023.01.23"]
[EventRounds "10"]
[EventCountry "BRA"]

1. e4 c5 2. Nf3 Nc6 3. d4 cxd4 4. Nxd4 Nf6 5. Nc3 e5 6. Ndb5 d6 7. Bg5 a6 8.
Na3 b5 9. Nd5 Be7 10. Bxf6 Bxf6 11. c3 Bg5 12. Nc2 Be6 13. a4 bxa4 14. Rxa4 a5
15. Bc4 O-O 16. h4 Bh6 17. g4 Bf4 18. Qf3 Rb8 19. b3 Qd7 20. Rg1 Ne7 21. Rxa5
Bxd5 22. exd5 Rfc8 23. Ke2 f5 24. Nb4 Kh8 25. gxf5 Rxb4 26. cxb4 Nxf5 27. Qg4
Nd4+ 28. Kd3 Qc7 29. Ra7 e4+ 30. Kxd4 Qxa7+ 31. Kxe4 Re8+ 32. Kd3 Be5 33. f3
Rf8 34. Re1 h6 35. Ke2 Qa2+ 36. Kf1 Qh2 37. Qg2 Qxh4 38. Re4 Qh5 39. Ke2 Ra8
40. Ke3 g5 41. b5 Qf7 42. Kd3 Ra1 43. Re2 Qf5+ 44. Re4 Rc1 45. b6 Rc3+ 46. Kd2
Rxf3 47. Be2 Rxb3 48. Rc4 Rb2+ 49. Ke1 Rxb6 50. Bg4 Rb1+ 51. Bd1 Qd3 52. Rc8+
Kg7 53. Rc7+ Kg6 0-1

[Event "IX Floripa Chess Open Fort Atacadista"]
[Site "Florianópolis - Santa Catari"]
[Date "2023.01.24"]
[Round "2.144"]
[White "Kikuchi, Alexandre Hideki Lo"]
[Black "Vieira, Jose Renato Braga S"]
[Result "0-1"]
[WhiteElo "1800"]
[BlackElo "1828"]
[PlyCount "66"]
[EventDate "2023.01.23"]
[EventRounds "10"]
[EventCountry "BRA"]

1. d4 Nf6 2. Bf4 g6 3. Nf3 Bg7 4. e3 O-O 5. c4 c5 6. Nc3 cxd4 7. exd4 d5 8. Bd3
Nc6 9. Qd2 Bg4 10. Be5 Bxf3 11. gxf3 Nxe5 12. dxe5 d4 13. Ne2 Nd7 14. f4 f6 15.
Nxd4 Nxe5 16. Be2 Qb6 17. c5 Qxc5 18. Ne6 Qc6 19. fxe5 Qxh1+ 20. Bf1 Rfc8 21.
Qd7 Qe4+ 22. Be2 Qxe5 23. Nxg7 Kxg7 24. Qxb7 Rab8 25. Qxa7 Rxb2 26. Qe3 Rxe2+
27. Kxe2 Qb2+ 28. Kf1 Qxa1+ 29. Kg2 Qxa2 30. Qxe7+ Qf7 31. Qe4 Rc4 32. Qf3 Qd7
33. Qb3 Qg4+ 0-1

[Event "IX Floripa Chess Open Fort Atacadista"]
[Site "Florianópolis - Santa Catari"]
[Date "2023.01.24"]
[Round "2.145"]
[White "Barbosa, Rafael Santos"]
[Black "Machado, Leonardo Ribeiro"]
[Result "0-1"]
[WhiteElo "1816"]
[BlackElo "1807"]
[PlyCount "52"]
[EventDate "2023.01.23"]
[EventRounds "10"]
[EventCountry "BRA"]

1. d4 Nf6 2. c4 d6 3. Nc3 Nbd7 4. e4 e5 5. d5 g6 6. Nf3 Bg7 7. Be2 O-O 8. Bg5
h6 9. Bh4 a5 10. Nd2 Re8 11. O-O Nf8 12. Qc2 g5 13. Bg3 Ng6 14. b3 Nf4 15. f3
h5 16. a3 h4 17. Bf2 N6h5 18. b4 Kh8 19. c5 Rg8 20. Rfc1 Bh6 21. Bf1 g4 22.
fxg4 Rxg4 23. Nd1 Qg5 24. Ne3 Nh3+ 25. Kh1 Nxf2+ 26. Kg1 Qxe3 0-1

[Event "IX Floripa Chess Open Fort Atacadista"]
[Site "Florianópolis - Santa Catari"]
[Date "2023.01.24"]
[Round "2.146"]
[White "Nunes, Lilia"]
[Black "Tamayo, Jose Luis"]
[Result "0-1"]
[WhiteElo "1800"]
[BlackElo "1805"]
[PlyCount "72"]
[EventDate "2023.01.23"]
[EventRounds "10"]
[EventCountry "BRA"]

1. c4 Nf6 2. g3 g6 3. Bg2 Bg7 4. Nf3 O-O 5. O-O d6 6. d3 Nbd7 7. Nc3 c6 8. Bd2
Re8 9. Rb1 a5 10. a3 e5 11. e4 Nc5 12. Be3 Ng4 13. Bxc5 dxc5 14. b4 axb4 15.
axb4 cxb4 16. Rxb4 Ra3 17. Qc2 Bf8 18. Ra4 Rxa4 19. Nxa4 c5 20. Nc3 Bd7 21. Nd5
Bc6 22. Nd2 Nh6 23. Nb3 Qd6 24. Qc3 Bg7 25. Qa5 Bxd5 26. cxd5 b6 27. Qb5 Rf8
28. Ra1 f5 29. Ra6 fxe4 30. dxe4 Qf6 31. f3 Qg5 32. Qe2 c4 33. Qxc4 Qe3+ 34.
Kf1 Ng4 35. d6+ Kh8 36. Qc2 Nxh2# 0-1

[Event "IX Floripa Chess Open Fort Atacadista"]
[Site "Florianópolis - Santa Catari"]
[Date "2023.01.24"]
[Round "2.147"]
[White "Correia, Pedro Bavaresco"]
[Black "Matos, Alexandre De"]
[Result "0-1"]
[WhiteElo "1766"]
[BlackElo "1871"]
[PlyCount "52"]
[EventDate "2023.01.23"]
[EventRounds "10"]
[EventCountry "BRA"]

1. d4 d5 2. c4 e6 3. Nc3 Be7 4. Bf4 c6 5. e3 f5 6. Nf3 Nf6 7. Be2 Ne4 8. Ne5
O-O 9. O-O Nd7 10. f3 Nxc3 11. bxc3 Nxe5 12. Bxe5 b6 13. Rb1 Bd6 14. Bxd6 Qxd6
15. Qc2 e5 16. e4 Be6 17. Rbd1 fxe4 18. fxe4 dxc4 19. Qa4 Rxf1+ 20. Bxf1 b5 21.
Qa6 exd4 22. Rxd4 Qc7 23. a4 Rf8 24. Be2 Qf4 25. Bf3 Qe3+ 26. Kf1 Rxf3+ 0-1

[Event "IX Floripa Chess Open Fort Atacadista"]
[Site "Florianópolis - Santa Catari"]
[Date "2023.01.24"]
[Round "2.148"]
[White "Miranda, Bianca"]
[Black "Carlos, Roberta Souto"]
[Result "0-1"]
[WhiteElo "1800"]
[BlackElo "1698"]
[PlyCount "102"]
[EventDate "2023.01.23"]
[EventRounds "10"]
[EventCountry "BRA"]

1. d4 Nf6 2. Bf4 d6 3. e3 g6 4. Nc3 Bg7 5. Bd3 O-O 6. Nge2 Nc6 7. Qd2 e5 8. Bg5
h6 9. Bh4 g5 10. Bg3 Re8 11. d5 Nb4 12. Bc4 Bf5 13. e4 Bg6 14. f3 a5 15. a3 Na6
16. Bb5 Re7 17. O-O-O Nb8 18. Ba4 Nbd7 19. Bf2 Nb6 20. Bb5 Nfd7 21. h4 f6 22.
hxg5 fxg5 23. Ng3 Qf8 24. Be3 Rc8 25. Na4 Nxa4 26. Bxa4 Nb6 27. Bb5 Be8 28.
Qxa5 Bxb5 29. Qxb5 Na8 30. Nf5 Rf7 31. Qxb7 c6 32. Qb3 c5 33. c4 Rb8 34. Qa2
Rfb7 35. Rd2 Nb6 36. Rc2 Na4 37. b4 cxb4 38. axb4 Rxb4 39. Kd2 Nb2 40. Qa6 Ra4
41. Qxd6 Nxc4+ 42. Rxc4 Rxc4 43. Ke2 Qxd6 44. Nxd6 Rc2+ 45. Bd2 Rbb2 46. Rc1
Rxd2+ 47. Kf1 Rdc2 48. Ra1 Rf2+ 49. Ke1 Rxg2 50. Kf1 Rgf2+ 51. Ke1 Rxf3 0-1

[Event "IX Floripa Chess Open Fort Atacadista"]
[Site "Florianópolis - Santa Catari"]
[Date "2023.01.24"]
[Round "2.149"]
[White "Soares, Vinicius Tuma"]
[Black "Reis, Virginia Lagrange M"]
[Result "0-1"]
[WhiteElo "1796"]
[BlackElo "1652"]
[PlyCount "29"]
[EventDate "2023.01.23"]
[EventRounds "10"]
[EventCountry "BRA"]

1. d4 Nf6 2. c4 c5 3. Nf3 g6 4. Nc3 cxd4 5. Nxd4 Bg7 6. Bg5 O-O 7. e3 Nc6 8.
Bd3 h6 9. Bxf6 Bxf6 10. Rf1 Nxd4 11. exd4 Bxd4 12. Qe2 Bxc3+ 13. bxc3 e6 14.
Qd2 Kg7 15. Rb1 0-1

[Event "IX Floripa Chess Open Fort Atacadista"]
[Site "Florianópolis - Santa Catari"]
[Date "2023.01.24"]
[Round "2.150"]
[White "Pavao, Tiago Lara Biasi"]
[Black "Gusmao, Pablo Da Silva"]
[Result "0-1"]
[WhiteElo "1653"]
[BlackElo "1563"]
[PlyCount "40"]
[EventDate "2023.01.23"]
[EventRounds "10"]
[EventCountry "BRA"]

1. c4 e6 2. g3 d5 3. cxd5 exd5 4. d4 Nf6 5. Nf3 Be7 6. Bg2 O-O 7. O-O Re8 8.
Nc3 a6 9. Rb1 c5 10. e3 Bf5 11. Ra1 Nc6 12. a3 Qd7 13. Re1 b5 14. Nh4 Bh3 15.
Bxh3 Qxh3 16. Rb1 Ng4 17. Ng2 Qxh2+ 18. Kf1 Qh1+ 19. Ke2 Qxg2 20. Kd2 Nxf2 0-1

[Event "IX Floripa Chess Open Fort Atacadista"]
[Site "Florianópolis - Santa Catari"]
[Date "2023.01.24"]
[Round "2.152"]
[White "Bueno, Alfeu Junior Varela"]
[Black "Abdalla, Umar Mohammad"]
[Result "1-0"]
[WhiteElo "2145"]
[BlackElo "1372"]
[PlyCount "22"]
[EventDate "2023.01.23"]
[EventRounds "10"]
[EventCountry "BRA"]

1. e4 e5 2. Nc3 Nf6 3. f4 Nc6 4. fxe5 Nxe5 5. d4 Ng6 6. e5 Ng8 7. Bc4 Bb4 8.
Qf3 Qe7 9. Nge2 f6 10. O-O c6 11. a3 Bxc3 1-0

[Event "IX Floripa Chess Open Fort Atacadista"]
[Site "Florianópolis - Santa Catari"]
[Date "2023.01.24"]
[Round "2.153"]
[White "Da Luz, Fabio Rodolfo"]
[Black "Fernandes Filho, Bergson Fragoso"]
[Result "0-1"]
[WhiteElo "1373"]
[BlackElo "2113"]
[PlyCount "66"]
[EventDate "2023.01.23"]
[EventRounds "10"]
[EventCountry "BRA"]

1. d4 e6 2. Nf3 c5 3. c3 d5 4. Bf4 Nc6 5. e3 Nf6 6. Bb5 Bd7 7. Nbd2 Be7 8. Qe2
O-O 9. Bd3 Re8 10. h4 h6 11. Ng5 Bf8 12. Ndf3 Ng4 13. Ne5 Ngxe5 14. dxe5 b5 15.
Nf3 g6 16. g4 Bg7 17. g5 h5 18. Qc2 Ne7 19. Qe2 Rb8 20. b3 a5 21. c4 dxc4 22.
bxc4 a4 23. O-O Qc7 24. Qc2 Bc6 25. e4 Red8 26. Rfd1 Qb7 27. Be3 Rxd3 28. Rxd3
Bxe4 29. Qd2 Bxd3 30. Qxd3 Qxf3 31. Qd7 Nf5 32. Bxc5 Nxh4 33. Kf1 Qh1+ 0-1

[Event "IX Floripa Chess Open Fort Atacadista"]
[Site "Florianópolis - Santa Catari"]
[Date "2023.01.24"]
[Round "2.154"]
[White "Rodriguez, Emiliano"]
[Black "Ibanez, Marcelo"]
[Result "0-1"]
[WhiteElo "1364"]
[BlackElo "2014"]
[PlyCount "102"]
[EventDate "2023.01.23"]
[EventRounds "10"]
[EventCountry "BRA"]

1. e4 d6 2. Nc3 g6 3. g3 Bg7 4. Bg2 Nf6 5. d3 c6 6. f4 e5 7. Nf3 Bg4 8. h3 Bxf3
9. Qxf3 Nbd7 10. O-O a5 11. f5 Qc7 12. g4 h6 13. Be3 g5 14. Qf2 h5 15. gxh5
Rxh5 16. Qg3 Bh6 17. Bf3 Rh4 18. Kh2 O-O-O 19. Bxg5 Bxg5 20. Qxg5 Rdh8 21. Bg2
Qb6 22. b3 Ng4+ 23. Kg3 Ne3 24. Rf3 Nxg2 25. Kxg2 Qd4 26. Qd2 Nf6 27. Rh1 Rg8+
28. Rg3 Rxg3+ 29. Kxg3 Rxe4 30. Qg5 Rf4 31. Nd1 Qd5 32. Kh2 Nd7 33. Qg2 Qc5 34.
Rg1 Rxf5 35. Kh1 Kc7 36. h4 Rf4 37. Qg3 Qd4 38. Rg2 Rxh4+ 39. Rh2 Rg4 40. Qf2
Qd5+ 41. Rg2 Rf4 42. Qe1 b6 43. Kg1 Nf6 44. Ne3 Qd4 45. Kh1 Rh4+ 46. Rh2 Rxh2+
47. Kxh2 Qxe3 48. Qf1 Ng4+ 49. Kg2 Qf4 50. Qe1 Ne3+ 51. Kg1 Qg4+ 0-1

[Event "IX Floripa Chess Open Fort Atacadista"]
[Site "Florianópolis - Santa Catari"]
[Date "2023.01.24"]
[Round "2.155"]
[White "Fernandes, Beatriz"]
[Black "Ccerhuayo Escobedo, Mels Leopold"]
[Result "0-1"]
[WhiteElo "1359"]
[BlackElo "1988"]
[PlyCount "66"]
[EventDate "2023.01.23"]
[EventRounds "10"]
[EventCountry "BRA"]

1. e4 Nf6 2. e5 Nd5 3. d4 d6 4. c4 Nb6 5. Nf3 Nc6 6. exd6 exd6 7. Be2 Be7 8.
O-O O-O 9. b3 Bf6 10. Bb2 Ne7 11. Nc3 Ng6 12. Ne4 Re8 13. Nxf6+ Qxf6 14. Qd2
Nf4 15. Rfe1 Bg4 16. d5 Qh6 17. Rad1 Rxe2 18. Rxe2 Bxf3 19. Re3 Bxd1 20. Qxd1
Ng6 21. Qe2 Nd7 22. Rh3 Nf4 23. Rxh6 Nxe2+ 24. Kf1 gxh6 25. Kxe2 Re8+ 26. Kd2
f5 27. f4 Nc5 28. Bd4 a5 29. h3 h5 30. Kc3 Kf7 31. a3 Rg8 32. b4 Rg3+ 33. Kc2
Rxg2+ 0-1